000 00903 a2200265 4500
005 20180312141945.0
008 131008s1980 sp a br|||| 00| 0 spa d
020 _a8426116736
040 _aCO-BoUCM
_bspa
_cJose A. Gerena
_dDiana Londoño
041 0 0 _aspa
100 0 _aDerib
_947791
245 1 0 _aYakari y nanabozo
_cDerib ; [ilustraciones de] Job ; traducción de Pilar Arilla
260 _c1980
_bJuventud
_aBarcelona (España)
300 _a48 páginas
_bilustraciones a color
490 _aYakari
_v4
650 7 _aLibros ilustrados para niños
_918516
650 7 _aLiteratura infantil
_918680
650 7 _aLiteratura suiza
_918747
690 _942863
_aLiteratura europea
700 0 _aJob
_eilustrador
_947792
700 1 _aArilla, Pilar
_etraductor
_947793
765 _tYakari et nanabozo
942 _a18
_cLIBRO
_e1
_mD433
_2DEWEY
_h838.4
_n0
999 _c181962
_d181962